[Event "V Floripa Open 2019"]
[Site "Florianopolis"]
[Date "2019.01.22"]
[Round "2.8"]
[White "Perdomo, Leandro"]
[Black "Reichert, Thiago Da Cruz"]
[Result "1-0"]
[WhiteElo "2470"]
[BlackElo "1976"]
[Annotator "TA"]
[PlyCount "59"]
[EventDate "2019.01.21"]
[EventType "swiss"]
[EventRounds "10"]
[EventCountry "BRA"]

1. d4 Nf6 2. c4 e6 3. Nc3 Bb4 4. g3 c6 5. Qb3 Bxc3+ 6. bxc3 O-O 7. Bg2 d5 8. Nf3 Nbd7 9. O-O Ne4 10. cxd5 exd5 11. c4 dxc4 12. Qxc4 Nb6 13. Qd3 Nd6 14. Ng5 Bf5 15. e4 f6 16. Nh3 Be6 17. d5 cxd5 18. exd5 Bf7 19. Nf4 Re8 20. Bh3 Nbc4 21. Ne6 Qa5 22. Bf4 g5 23. Bxd6 Nxd6 24. Qd4 Bxe6 25. dxe6 Qe5 26. Rad1 Rad8 27. Qd5 Qxd5 28. Rxd5 Nc4 29. Rxd8 Rxd8 30. e7 1-0

[Event "V Floripa Open 2019"]
[Site "Florianopolis"]
[Date "2019.01.22"]
[Round "2.9"]
[White "Mendes, Joao Paulo"]
[Black "Matsuura, Everaldo"]
[Result "0-1"]
[WhiteElo "1973"]
[BlackElo "2468"]
[Annotator "TA"]
[PlyCount "54"]
[EventDate "2019.01.21"]
[EventType "swiss"]
[EventRounds "10"]
[EventCountry "BRA"]

1. e4 Nf6 2. e5 Nd5 3. d4 d6 4. c4 Nb6 5. exd6 cxd6 6. Be2 g6 7. Nf3 Bg7 8. O-O O-O 9. Be3 Nc6 10. Na3 Bg4 11. Qd2 e5 12. Nxe5 dxe5 13. Bxg4 exd4 14. Bh6 Bxh6 15. Qxh6 Ne5 16. Bd1 Nexc4 17. Nxc4 Nxc4 18. Bb3 b5 19. Rad1 Nxb2 20. Rd2 Nc4 21. Rd3 Qf6 22. Rh3 Qg7 23. Qg5 a6 24. a4 Rab8 25. Rh4 Rfd8 26. axb5 axb5 27. Qc5 Nd2 0-1

[Event "V Floripa Open 2019"]
[Site "Florianopolis"]
[Date "2019.01.22"]
[Round "2.10"]
[White "Molina, Roberto Junio Brito"]
[Black "Soares, Renan Barbosa Monte"]
[Result "1-0"]
[WhiteElo "2458"]
[BlackElo "1972"]
[Annotator "TA"]
[PlyCount "20"]
[EventDate "2019.01.21"]
[EventType "swiss"]
[EventRounds "10"]
[EventCountry "BRA"]

1. e4 c5 2. Nf3 d6 3. d4 cxd4 4. Nxd4 Nf6 5. Nc3 a6 6. f3 e6 7. Be3 Qc7 8. Qe2 Be7 9. O-O-O O-O 10. g4 d5 1-0

[Event "V Floripa Open 2019"]
[Site "Florianopolis"]
[Date "2019.01.22"]
[Round "2.11"]
[White "Ichimura G. Barbosa, Larissa Y."]
[Black "Hoffman, Alejandro"]
[Result "0-1"]
[WhiteElo "1967"]
[BlackElo "2454"]
[Annotator "TA"]
[PlyCount "52"]
[EventDate "2019.01.21"]
[EventType "swiss"]
[EventRounds "10"]
[EventCountry "BRA"]

1. e4 c5 2. Nf3 d6 3. d4 cxd4 4. Nxd4 Nf6 5. Nc3 g6 6. Be3 Bg7 7. f3 a6 8. Qd2 h5 9. Be2 Nbd7 10. a4 b6 11. Nd5 Bb7 12. c4 O-O 13. O-O e6 14. Nxf6+ Bxf6 15. Rfd1 Re8 16. Nb3 d5 17. a5 Rb8 18. Rab1 Bc6 19. cxd5 exd5 20. Nd4 Bb7 21. exd5 Bxd5 22. Bxa6 bxa5 23. Ra1 Nc5 24. Rxa5 Bxd4 25. Bxd4 Nb3 26. Qh6 Nxd4 0-1

[Event "V Floripa Open 2019"]
[Site "Florianopolis"]
[Date "2019.01.22"]
[Round "2.12"]
[White "Quintiliano Pinto, Renato R."]
[Black "Maciel, Diogo Alves"]
[Result "1-0"]
[WhiteElo "2441"]
[BlackElo "1957"]
[Annotator "TA RC"]
[PlyCount "25"]
[EventDate "2019.01.21"]
[EventType "swiss"]
[EventRounds "10"]
[EventCountry "BRA"]

1. e4 Nf6 2. e5 Nd5 3. d4 d6 4. c4 Nb6 5. exd6 cxd6 6. Nc3 g6 7. Be3 Bg7 8. Rc1 Nc6 9. d5 Ne5 10. Be2 O-O 11. b3 Bd7 12. f4 Bh6 13. Bd2 1-0

[Event "V Floripa Open 2019"]
[Site "Florianopolis"]
[Date "2019.01.22"]
[Round "2.13"]
[White "Bastos, Guilherme Exterhott"]
[Black "Languidey, Simon Alejandro"]
[Result "0-1"]
[WhiteElo "1956"]
[BlackElo "2416"]
[Annotator "TA"]
[PlyCount "94"]
[EventDate "2019.01.21"]
[EventType "swiss"]
[EventRounds "10"]
[EventCountry "BRA"]

1. d4 Nf6 2. Bf4 d6 3. e3 g6 4. h3 Bg7 5. Nf3 O-O 6. c3 b6 7. Nbd2 Bb7 8. Be2 c5 9. O-O Nbd7 10. Re1 Re8 11. Bh2 a6 12. a4 Ra7 13. Qb3 Qa8 14. Ng5 Rf8 15. Ngf3 Ne4 16. Red1 h6 17. Ne1 Kh7 18. Nxe4 Bxe4 19. Bf3 Rc7 20. Bxe4 Qxe4 21. Qc4 Qb7 22. Qe2 Nf6 23. Nd3 Re8 24. Qf3 Qxf3 25. gxf3 Nd7 26. Rdc1 Rec8 27. Kf1 Rb7 28. b4 e5 29. Rab1 c4 30. Ne1 b5 31. a5 f5 32. Ng2 g5 33. f4 gxf4 34. Nh4 fxe3 35. fxe3 Rf8 36. Ke2 Nf6 37. Rf1 Ne4 38. Rbc1 Rbf7 39. Kd1 f4 40. exf4 exd4 41. cxd4 Bxd4 42. f5 Be3 43. Rc2 d5 44. Bg1 Bxg1 45. Rxg1 d4 46. Ng6 Re8 47. Rcg2 Rxf5 0-1

[Event "V Floripa Open 2019"]
[Site "Florianopolis"]
[Date "2019.01.22"]
[Round "2.14"]
[White "Proudian, Armen"]
[Black "Japiassu, Ricardo De Villa No"]
[Result "1-0"]
[WhiteElo "2413"]
[BlackElo "1956"]
[Annotator "TA"]
[PlyCount "105"]
[EventDate "2019.01.21"]
[EventType "swiss"]
[EventRounds "10"]
[EventCountry "BRA"]

1. e4 c5 2. Nf3 d6 3. d4 cxd4 4. Nxd4 Nf6 5. Nc3 g6 6. Be3 Bg7 7. f3 O-O 8. Qd2 Nc6 9. Bc4 Bd7 10. h4 h5 11. O-O-O Rc8 12. Bb3 Ne5 13. g4 hxg4 14. h5 Nxh5 15. Bh6 e6 16. Rdg1 Qf6 17. Bxg7 Qxg7 18. fxg4 Nf6 19. g5 Nh5 20. Nce2 Nc4 21. Qb4 e5 22. Bxc4 a5 23. Qxd6 Rxc4 24. Qxd7 exd4 25. b3 Rcc8 26. Qxd4 Qxd4 27. Nxd4 Rfd8 28. Ne2 Re8 29. Rg4 Re5 30. Kd2 Rce8 31. Kd3 Kg7 32. Nd4 f5 33. exf5 gxf5 34. Nxf5+ Rxf5 35. Rxh5 Rf3+ 36. Kd2 Rf2+ 37. Kc3 Ree2 38. Kc4 Rxc2+ 39. Kb5 Rxa2 40. g6 Rh2 41. Rxh2 Rxh2 42. Kxa5 Ra2+ 43. Kb6 Rb2 44. b4 Rb1 45. Kxb7 Rb2 46. Kb6 Rb1 47. b5 Rb2 48. Kc6 Rc2+ 49. Kb7 Rb2 50. b6 Rb1 51. Kc7 Rc1+ 52. Kb8 Rb1 53. b7 1-0

[Event "V Floripa Open 2019"]
[Site "Florianopolis"]
[Date "2019.01.22"]
[Round "2.15"]
[White "Almiron, Antonio"]
[Black "Volkmann, Andre Jordi"]
[Result "1-0"]
[WhiteElo "2392"]
[BlackElo "1955"]
[PlyCount "57"]
[EventDate "2019.01.21"]
[EventType "swiss"]
[EventRounds "10"]
[EventCountry "BRA"]

1. Nf3 d5 2. c4 e6 3. g3 dxc4 4. Qa4+ Bd7 5. Qxc4 Bc6 6. Bg2 Nd7 7. O-O Ngf6 8. Qc2 Bc5 9. d4 Be4 10. Qd1 Bb6 11. Nc3 Bc6 12. Qc2 O-O 13. e4 Ba5 14. e5 Bxc3 15. bxc3 Nd5 16. Ng5 g6 17. Re1 Ne7 18. Ne4 Nf5 19. h4 Bxe4 20. Bxe4 c6 21. Rf1 Nf6 22. Bg5 Qc7 23. Qc1 Nd5 24. Bxf5 exf5 25. c4 f6 26. Bh6 Ne7 27. Bxf8 Rxf8 28. exf6 Rxf6 29. Qf4 1-0

[Event "V Floripa Open 2019"]
[Site "Florianopolis"]
[Date "2019.01.22"]
[Round "2.16"]
[White "Mendes, Rodrigo Machado"]
[Black "Menna Barreto, Felipe Kubiaki"]
[Result "0-1"]
[WhiteElo "1956"]
[BlackElo "2389"]
[PlyCount "38"]
[EventDate "2019.01.21"]
[EventType "swiss"]
[EventRounds "10"]
[EventCountry "BRA"]

1. e4 c5 2. Nc3 e6 3. f4 d5 4. e5 Nc6 5. Nf3 Nh6 6. Bb5 Bd7 7. O-O Nf5 8. Kh1 h5 9. d3 h4 10. Qe1 Qb6 11. Bxc6 Bxc6 12. Ne2 Be7 13. a4 h3 14. g3 d4 15. Qf2 Nh6 16. c3 Ng4 17. Qg1 dxc3 18. bxc3 Qd8 19. d4 Qd5 0-1

[Event "V Floripa Open 2019"]
[Site "Florianopolis"]
[Date "2019.01.22"]
[Round "2.17"]
[White "Takano, Nicholas Ryo"]
[Black "Mussanti, Diego"]
[Result "1-0"]
[WhiteElo "1954"]
[BlackElo "2352"]
[PlyCount "97"]
[EventDate "2019.01.21"]
[EventType "swiss"]
[EventRounds "10"]
[EventCountry "BRA"]

1. e4 c5 2. Nf3 e6 3. d4 cxd4 4. Nxd4 Nc6 5. Nc3 d6 6. Be3 Nf6 7. f3 a6 8. Qd2 Be7 9. O-O-O O-O 10. g4 Nxd4 11. Bxd4 b5 12. a3 Nd7 13. h4 Rb8 14. g5 Ne5 15. Be2 Nc6 16. Be3 b4 17. axb4 Nxb4 18. h5 Qa5 19. Kb1 e5 20. Bc4 Qc7 21. Bb3 Be6 22. g6 Bxb3 23. cxb3 Qb7 24. h6 fxg6 25. hxg7 Rf7 26. Bh6 Nc6 27. Nd5 Qxb3 28. Rc1 Qxf3 29. Qc2 Bg5 30. Bxg5 h5 31. Qxc6 Qg2 32. Qc2 Qxg5 33. Rhf1 Rxg7 34. Nf6+ Kh8 35. Qc8+ Rg8 36. Qd7 Rxb2+ 37. Kxb2 Qd2+ 38. Ka3 Qd3+ 39. Ka4 Qd4+ 40. Ka5 Qd2+ 41. Kb6 Qb4+ 42. Kc6 Qb5+ 43. Kxd6 Qb8+ 44. Ke6 Qb3+ 45. Kxe5 Qb2+ 46. Qd4 Qh2+ 47. Ke6 Qh3+ 48. Ng4+ Rg7 49. Qxg7+ 1-0

[Event "V Floripa Open 2019"]
[Site "Florianopolis"]
[Date "2019.01.22"]
[Round "2.18"]
[White "Menna Barreto, Luiz Ney"]
[Black "Nicolini, Paulo Giovanni De A"]
[Result "1-0"]
[WhiteElo "2327"]
[BlackElo "1951"]
[PlyCount "83"]
[EventDate "2019.01.21"]
[EventType "swiss"]
[EventRounds "10"]
[EventCountry "BRA"]

1. Nf3 Nf6 2. c4 g6 3. Nc3 Bg7 4. e4 d6 5. d4 O-O 6. Be2 e5 7. dxe5 dxe5 8. Qxd8 Rxd8 9. Bg5 Re8 10. O-O-O Na6 11. Ne1 Be6 12. Nc2 Nc5 13. f3 a5 14. Nd5 Nxd5 15. cxd5 Bd7 16. Na3 Bf8 17. Be3 Ba4 18. Rd2 Na6 19. Bb5 Bxb5 20. Nxb5 c6 21. dxc6 bxc6 22. Nc3 Nc5 23. Kb1 Ne6 24. Na4 Rab8 25. Rc1 Rb4 26. Nb6 c5 27. Nd5 Reb8 28. Nxb4 axb4 29. Rd5 f6 30. Bxc5 Nxc5 31. Rcxc5 Bxc5 32. Rxc5 Rb7 33. Kc2 b3+ 34. axb3 Kf7 35. Kc3 h5 36. b4 h4 37. b5 g5 38. Kb4 Ke7 39. Rc6 Rd7 40. b6 Kd8 41. Kc5 Rb7 42. Rxf6 1-0

[Event "V Floripa Open 2019"]
[Site "Florianopolis"]
[Date "2019.01.22"]
[Round "2.19"]
[White "Rodrigues, Nei Jorge"]
[Black "Coro, Lucas"]
[Result "0-1"]
[WhiteElo "1949"]
[BlackElo "2325"]
[PlyCount "66"]
[EventDate "2019.01.21"]
[EventType "swiss"]
[EventRounds "10"]
[EventCountry "BRA"]

1. d4 Nf6 2. Nf3 g6 3. g3 Bg7 4. Bg2 O-O 5. O-O d6 6. b3 e5 7. dxe5 Nfd7 8. Bb2 dxe5 9. Nc3 e4 10. Nd2 f5 11. Nc4 Nc6 12. Qd5+ Kh8 13. Rfd1 a6 14. a3 Qe8 15. Qd2 Nde5 16. Nd5 Qf7 17. Nxe5 Nxe5 18. c4 Be6 19. Qc2 Rae8 20. Rac1 c6 21. Nf4 Bc8 22. Rd6 g5 23. Nh3 Qe7 24. Rcd1 f4 25. Qc1 e3 26. c5 Bxh3 27. Bxh3 g4 28. Bxe5 exf2+ 29. Kf1 Qxe5 30. Bxg4 fxg3 31. R6d3 Qe4 32. Bf3 Rxf3 33. exf3 Qe2+ 0-1

[Event "V Floripa Open 2019"]
[Site "Florianopolis"]
[Date "2019.01.22"]
[Round "2.20"]
[White "Rangel, Daniel"]
[Black "Ramos, Angelo Bil"]
[Result "1/2-1/2"]
[WhiteElo "2322"]
[BlackElo "1948"]
[PlyCount "88"]
[EventDate "2019.01.21"]
[EventType "swiss"]
[EventRounds "10"]
[EventCountry "BRA"]

1. Nf3 Nf6 2. d4 g6 3. e3 Bg7 4. Be2 O-O 5. O-O b6 6. b3 Bb7 7. Bb2 d6 8. c4 Nbd7 9. d5 c6 10. dxc6 Bxc6 11. Nd4 Bb7 12. Bf3 Qc8 13. Nc3 Nc5 14. Rc1 Nce4 15. Nd5 Qd7 16. Qc2 Ng5 17. Nxf6+ Bxf6 18. Bxb7 Qxb7 19. f3 Qd7 20. Rf2 Rac8 21. Qb1 Ne6 22. Qa1 Nc5 23. Rd1 Qb7 24. Re2 Rfd8 25. e4 a6 26. Nc2 Bxb2 27. Qxb2 b5 28. Ne3 bxc4 29. Nxc4 Ne6 30. Qd2 Rc5 31. Qe3 Rdc8 32. Red2 a5 33. Nb2 Rc3 34. Qf2 Rc1 35. Nd3 Rxd1+ 36. Rxd1 Qc7 37. g3 Qb7 38. Rc1 Rxc1+ 39. Nxc1 Qb5 40. Ne2 Qd3 41. Kg2 g5 42. Ng1 Nd4 43. Qf1 Qd2+ 44. Qf2 Qd3 1/2-1/2

[Event "V Floripa Open 2019"]
[Site "Florianopolis"]
[Date "2019.01.22"]
[Round "2.21"]
[White "Hataby, Raed"]
[Black "Goncalves, Davi Sulzbacher"]
[Result "0-1"]
[WhiteElo "1948"]
[BlackElo "2313"]
[PlyCount "72"]
[EventDate "2019.01.21"]
[EventType "swiss"]
[EventRounds "10"]
[EventCountry "BRA"]

1. e4 c5 2. d4 cxd4 3. c3 Nf6 4. e5 Nd5 5. cxd4 d6 6. Bc4 Nb6 7. Bb3 e6 8. Nf3 Be7 9. O-O O-O 10. Nc3 Nc6 11. Qe2 dxe5 12. dxe5 Qc7 13. Bf4 Nd7 14. Rac1 Nc5 15. Bc2 b6 16. b4 Nxb4 17. Bb1 Ba6 18. Nb5 Qd7 19. a4 Nxa4 20. Qe4 g6 21. Nd6 Bxf1 22. Kxf1 Nd5 23. Bh6 Nc5 24. Qg4 Bxd6 25. exd6 Qxd6 26. Ng5 Nf6 27. Qf3 Qe5 28. h4 Rad8 29. h5 Nxh5 30. g4 Nf6 31. Nh3 Rd4 32. Nf4 g5 33. Nh5 Nxg4 34. Qh3 Nxh6 35. f4 gxf4 36. Qg2+ Kh8 0-1

[Event "V Floripa Open 2019"]
[Site "Florianopolis"]
[Date "2019.01.22"]
[Round "2.22"]
[White "Rodrigues, Edgar"]
[Black "Stapenhorst, Matheus Frederico"]
[Result "1-0"]
[WhiteElo "2312"]
[BlackElo "1947"]
[PlyCount "129"]
[EventDate "2019.01.21"]
[EventType "swiss"]
[EventRounds "10"]
[EventCountry "BRA"]

1. e4 e5 2. Nf3 Nc6 3. d4 exd4 4. Nxd4 Bc5 5. Be3 Bb6 6. Bc4 Nf6 7. Nc3 O-O 8. O-O d6 9. f3 Re8 10. Bf2 Bd7 11. Nxc6 bxc6 12. Kh1 Bxf2 13. Rxf2 Nh5 14. g3 Qg5 15. Qd2 Qc5 16. Bb3 Nf6 17. Rd1 Bh3 18. Kg1 Re7 19. Qf4 h5 20. Na4 Qe5 21. Qxe5 Rxe5 22. c4 Nd7 23. Nc3 Nc5 24. Bc2 a5 25. Rfd2 Ree8 26. b3 Rab8 27. Kf2 a4 28. Nxa4 Nxa4 29. bxa4 c5 30. g4 hxg4 31. Kg3 Re6 32. fxg4 Rh6 33. e5 Rd8 34. Rd5 f6 35. exd6 cxd6 36. Rxd6 Re8 37. Rd8 Rxd8 38. Rxd8+ Kf7 39. Rd1 g6 40. a5 f5 41. gxf5 Bxf5 42. Bxf5 gxf5 43. Rd5 f4+ 44. Kg2 f3+ 45. Kg3 Ke6 46. Rd2 Ke7 47. Kxf3 Ra6 48. h4 Rxa5 49. Kg4 Ra4 50. Rc2 Kf6 51. h5 Kg7 52. Kf5 Kh6 53. Ke5 Kxh5 54. Kd5 Ra5 55. Rg2 Kh4 56. Kc6 Kh3 57. Rc2 Kg4 58. Kb6 Ra8 59. Kxc5 Kf5 60. Kb6 Ke6 61. c5 Rb8+ 62. Ka7 Rb4 63. c6 Kd6 64. c7 Ra4+ 65. Kb6 1-0

[Event "V Floripa Open 2019"]
[Site "Florianopolis"]
[Date "2019.01.22"]
[Round "2.23"]
[White "Guimaraes, Artemis Pamela"]
[Black "Belmonte, Diego Mariano"]
[Result "0-1"]
[WhiteElo "1938"]
[BlackElo "2309"]
[PlyCount "80"]
[EventDate "2019.01.21"]
[EventType "swiss"]
[EventRounds "10"]
[EventCountry "BRA"]

1. e4 Nf6 2. e5 Nd5 3. c4 Nb6 4. d4 d6 5. exd6 cxd6 6. Nc3 g6 7. Be3 Bg7 8. Rc1 O-O 9. b3 Nc6 10. Nf3 Bg4 11. Be2 d5 12. c5 Nc8 13. O-O e6 14. Qd2 N8e7 15. Nh4 Bxe2 16. Nxe2 Re8 17. b4 a6 18. a4 Qd7 19. Ra1 e5 20. Rfb1 exd4 21. Nxd4 Ne5 22. Qd1 Nc4 23. Bf4 Nc6 24. Nxc6 Bxa1 25. Nb8 Qd8 26. Rxa1 Qxh4 27. Bg3 Qe7 28. c6 Raxb8 29. Bxb8 Rxb8 30. Qxd5 Qe5 31. Qxe5 Nxe5 32. c7 Rc8 33. Rc1 Nd3 34. Rc4 Nb2 35. Rc1 Nxa4 36. g3 Nb6 37. b5 axb5 38. Rc5 Na4 39. Rxb5 Rxc7 40. Rb4 Nc3 0-1

[Event "V Floripa Open 2019"]
[Site "Florianopolis"]
[Date "2019.01.22"]
[Round "2.24"]
[White "Aranha Filho, Alvaro Z."]
[Black "Deus Filho, Joaquim de"]
[Result "1-0"]
[WhiteElo "2294"]
[BlackElo "1936"]
[PlyCount "161"]
[EventDate "2019.01.21"]
[EventType "swiss"]
[EventRounds "10"]
[EventCountry "BRA"]

1. d4 Nf6 2. Nf3 d6 3. c4 c5 4. d5 e5 5. Nc3 Be7 6. g3 O-O 7. Bg2 Ne8 8. e4 f5 9. exf5 Bxf5 10. O-O Qd7 11. Ng5 Bxg5 12. Bxg5 h6 13. Be3 Bh3 14. f3 Bxg2 15. Kxg2 Nf6 16. Rb1 Na6 17. a3 Rac8 18. Qd3 b6 19. h3 Qe7 20. Rbe1 Rce8 21. Qc2 Qd7 22. Nb5 Nxd5 23. cxd5 Qxb5 24. Bxh6 e4 25. Bf4 exf3+ 26. Kf2 Nc7 27. Kxf3 Nxd5 28. Kg2 Rxf4 29. gxf4 Ne3+ 30. Rxe3 Rxe3 31. Rf2 Qc6+ 32. Kh2 Qd7 33. f5 Qe7 34. Qc4+ Kh8 35. Qg4 Qe5+ 36. Kg2 Qd5+ 37. Kh2 Qe5+ 38. Kg2 Qe4+ 39. Qxe4 Rxe4 40. Rd2 d5 41. Kf3 Rh4 42. Kg3 Rc4 43. Rxd5 Rc2 44. b4 c4 45. Kg4 Rc3 46. a4 Rb3 47. Rd7 Rxb4 48. Kg5 Rb1 49. Rxa7 Rg1+ 50. Kh5 c3 51. Rc7 Rg3 52. Kh4 Rd3 53. Kg4 Kg8 54. h4 Kf8 55. h5 Kg8 56. Rc6 Kh7 57. Kg5 Rg3+ 58. Kf4 Rh3 59. Kg4 Rd3 60. Kf4 Rh3 61. Kg4 Rd3 62. Rc8 Re3 63. Rc7 Kh6 64. Rc6+ Kh7 65. h6 gxh6 66. Rc7+ Kg8 67. Kh5 Rg3 68. Kxh6 Kf8 69. Rc6 Rg4 70. Rxc3 Rxa4 71. Kg6 b5 72. Rc8+ Ke7 73. f6+ Ke6 74. Re8+ Kd5 75. f7 Rf4 76. f8=Q Rxf8 77. Rxf8 Kc4 78. Kf5 Kc3 79. Ke4 b4 80. Ke3 b3 81. Rc8+ 1-0

[Event "V Floripa Open 2019"]
[Site "Florianopolis"]
[Date "2019.01.22"]
[Round "2.25"]
[White "Ribeiro, Regina"]
[Black "De Borba, Guilherme"]
[Result "0-1"]
[WhiteElo "1936"]
[BlackElo "2293"]
[PlyCount "52"]
[EventDate "2019.01.21"]
[EventType "swiss"]
[EventRounds "10"]
[EventCountry "BRA"]

1. Nf3 Nf6 2. g3 e6 3. Bg2 d5 4. O-O b5 5. a4 b4 6. d4 c5 7. a5 Nc6 8. c4 bxc3 9. Nxc3 Be7 10. dxc5 Bxc5 11. Bg5 O-O 12. e4 dxe4 13. Bxf6 gxf6 14. Nxe4 Qxd1 15. Rfxd1 Be7 16. Rdc1 Bd7 17. Nc5 Be8 18. Ne1 Rc8 19. Ned3 Nd4 20. Kh1 Bb5 21. b4 Rfd8 22. Rd1 Nc2 23. Rab1 Nxb4 24. Nxb4 Rxd1+ 25. Rxd1 Rxc5 26. Nd3 Bxd3 0-1

[Event "V Floripa Open 2019"]
[Site "Florianopolis"]
[Date "2019.01.22"]
[Round "2.26"]
[White "Guimaraes, Diogo Duarte"]
[Black "Hopka, Matheus Marchesi"]
[Result "1-0"]
[WhiteElo "2278"]
[BlackElo "1933"]
[PlyCount "69"]
[EventDate "2019.01.21"]
[EventType "swiss"]
[EventRounds "10"]
[EventCountry "BRA"]

1. e4 c5 2. Nf3 d6 3. d4 cxd4 4. Qxd4 Nc6 5. Bb5 Bd7 6. Bxc6 Bxc6 7. Nc3 Nf6 8. Bg5 e6 9. O-O-O Be7 10. Kb1 Qc7 11. Rhe1 O-O 12. Qd3 a6 13. Nd4 Nxe4 14. Bxe7 Nxf2 15. Qg3 Nxd1 16. Bf6 Nxc3+ 17. bxc3 g6 18. Qg5 Qb6+ 19. Kc1 Qd8 20. Bxd8 Rfxd8 21. Rf1 Rd7 22. h4 Bd5 23. h5 Re8 24. Qf6 e5 25. h6 Kf8 26. Nf3 Re6 27. Qh8+ Ke7 28. Ng5 f5 29. Qxh7+ Kd8 30. Nxe6+ Bxe6 31. Qxg6 Bxa2 32. Rxf5 Re7 33. Qxd6+ Ke8 34. h7 Rxh7 35. Rf8# 1-0

[Event "V Floripa Open 2019"]
[Site "Florianopolis"]
[Date "2019.01.22"]
[Round "2.27"]
[White "Maiberg, Wellington Gubiani"]
[Black "Cadilhac, Igor Tokuichi Kikuc"]
[Result "0-1"]
[WhiteElo "1935"]
[BlackElo "2277"]
[PlyCount "82"]
[EventDate "2019.01.21"]
[EventType "swiss"]
[EventRounds "10"]
[EventCountry "BRA"]

1. d4 Nf6 2. c4 g6 3. Nc3 d5 4. Nf3 Bg7 5. g3 O-O 6. Bg2 dxc4 7. Ne5 Nc6 8. Nxc6 bxc6 9. O-O Nd5 10. Qa4 Bb7 11. Rd1 Nb6 12. Qc2 Qc8 13. Ne4 Rd8 14. e3 e5 15. dxe5 Bxe5 16. Bd2 Qf5 17. Bc3 c5 18. Nf6+ Qxf6 19. Bxe5 Qxe5 20. Bxb7 Rab8 21. Bf3 Rd6 22. Rac1 Nd7 23. b3 cxb3 24. axb3 Qe6 25. Ra1 Qxb3 26. Qxb3 Rxb3 27. Rxd6 cxd6 28. Rxa7 Ne5 29. Bd5 Rd3 30. e4 Rf3 31. Ra6 Rf6 32. f4 Nd7 33. Kf2 g5 34. Ke3 gxf4+ 35. gxf4 Kg7 36. Kf3 Ne5+ 37. Ke2 Ng6 38. f5 Ne5 39. Kf2 Nd3+ 40. Ke3 Nb4 41. Rb6 Rxf5 0-1

[Event "V Floripa Open 2019"]
[Site "Florianopolis"]
[Date "2019.01.22"]
[Round "2.28"]
[White "Villalba, Marcelo"]
[Black "Federzoni, Enzo"]
[Result "1/2-1/2"]
[WhiteElo "2276"]
[BlackElo "1930"]
[PlyCount "31"]
[EventDate "2019.01.21"]
[EventType "swiss"]
[EventRounds "10"]
[EventCountry "BRA"]

1. e4 c5 2. Nf3 d6 3. d4 cxd4 4. Nxd4 Nf6 5. Nc3 a6 6. Be3 e6 7. Be2 Be7 8. O-O O-O 9. f4 Nc6 10. Kh1 Qc7 11. Qe1 Nxd4 12. Bxd4 b5 13. Qg3 Bb7 14. a3 g6 15. Bd3 Nh5 16. Qe3 1/2-1/2

[Event "V Floripa Open 2019"]
[Site "Florianopolis"]
[Date "2019.01.22"]
[Round "2.29"]
[White "Peixoto, Rudson Marinho"]
[Black "Jodorcovsky Werjivker, Paulo"]
[Result "0-1"]
[WhiteElo "1931"]
[BlackElo "2259"]
[PlyCount "54"]
[EventDate "2019.01.21"]
[EventType "swiss"]
[EventRounds "10"]
[EventCountry "BRA"]

1. e4 c5 2. Nf3 e6 3. d4 cxd4 4. Nxd4 Nf6 5. Bd3 Nc6 6. Nb3 d5 7. exd5 Nxd5 8. O-O Be7 9. c3 O-O 10. Qc2 h6 11. Rd1 Qc7 12. N1d2 b6 13. Nf3 Bb7 14. Qe2 Rad8 15. Be3 Nxe3 16. Qxe3 Bf6 17. Be4 Rd7 18. Rxd7 Qxd7 19. Nbd4 Nxd4 20. Nxd4 Bxd4 21. cxd4 Bxe4 22. Qxe4 Rd8 23. Rd1 Qa4 24. Qb1 Rxd4 25. Rxd4 Qxd4 26. Qc2 g6 27. g3 h5 0-1

[Event "V Floripa Open 2019"]
[Site "Florianopolis"]
[Date "2019.01.22"]
[Round "2.30"]
[White "Pereira, Silvio Cunha"]
[Black "Reinaldo Dos Santos, Julio"]
[Result "1-0"]
[WhiteElo "2258"]
[BlackElo "1922"]
[PlyCount "32"]
[EventDate "2019.01.21"]
[EventType "swiss"]
[EventRounds "10"]
[EventCountry "BRA"]

1. e4 d6 2. d4 Nf6 3. Nc3 g6 4. Bc4 c6 5. Nge2 Bg4 6. e5 dxe5 7. dxe5 Qxd1+ 8. Nxd1 Nd5 9. f4 Be6 10. Bb3 Na6 11. Nd4 Nc5 12. Nxe6 Nxe6 13. g3 Nd4 14. Nc3 Nxb3 15. axb3 f6 16. Nxd5 cxd5 1-0

[Event "V Floripa Open 2019"]
[Site "Florianopolis"]
[Date "2019.01.22"]
[Round "2.31"]
[White "Barrientos, Ernesto"]
[Black "Matsuura, Frederico"]
[Result "0-1"]
[WhiteElo "1925"]
[BlackElo "2248"]
[PlyCount "76"]
[EventDate "2019.01.21"]
[EventType "swiss"]
[EventRounds "10"]
[EventCountry "BRA"]

1. e4 e6 2. d4 d5 3. Nd2 Be7 4. Bd3 c5 5. dxc5 Nf6 6. Qe2 Nc6 7. Ngf3 Nb4 8. e5 Nd7 9. Nb3 Nxc5 10. Nxc5 Bxc5 11. Bb5+ Bd7 12. O-O a6 13. Bxd7+ Qxd7 14. c3 Nc6 15. Be3 Bxe3 16. Qxe3 O-O 17. Nd4 Rfc8 18. Rac1 Rc7 19. Rcd1 Rac8 20. f4 h6 21. Rf2 Nxd4 22. Rxd4 Rc4 23. Rfd2 Qb5 24. Qe2 Qa5 25. a3 b5 26. g4 Qd8 27. Kg2 Qe7 28. Rxc4 bxc4 29. Qe3 Rb8 30. Kg3 Qb7 31. h3 Qe7 32. Rf2 Rb3 33. Rd2 a5 34. Kg2 Qb7 35. Qf2 d4+ 36. Kh2 dxc3 37. bxc3 Rxc3 38. Qc5 Qf3 0-1

[Event "V Floripa Open 2019"]
[Site "Florianopolis"]
[Date "2019.01.22"]
[Round "2.32"]
[White "Miguel, Gabriel Carvalho Mo"]
[Black "Ferrero, Carlos Federico"]
[Result "1/2-1/2"]
[WhiteElo "2246"]
[BlackElo "1916"]
[PlyCount "67"]
[EventDate "2019.01.21"]
[EventType "swiss"]
[EventRounds "10"]
[EventCountry "BRA"]

1. e4 e5 2. Nf3 Nf6 3. Nxe5 d6 4. Nf3 Nxe4 5. d4 d5 6. Bd3 Be7 7. O-O Nc6 8. c4 Bg4 9. Nc3 Nf6 10. Be3 Nb4 11. Be2 dxc4 12. Bxc4 O-O 13. h3 Bxf3 14. Qxf3 c6 15. Rad1 Nbd5 16. Bg5 Nb6 17. Bd3 h6 18. Bc1 Nbd5 19. Rfe1 Bd6 20. g4 Bc7 21. Ne2 Qd6 22. Ng3 Rae8 23. Bb1 Rxe1+ 24. Rxe1 Re8 25. Rxe8+ Nxe8 26. Kf1 Qb4 27. Qd3 Bxg3 28. fxg3 Nef6 29. a3 Qd6 30. Kg2 a6 31. Bd2 Qe6 32. Qf3 Ne7 33. g5 hxg5 34. Bxg5 1/2-1/2

[Event "V Floripa Open 2019"]
[Site "Florianopolis"]
[Date "2019.01.22"]
[Round "2.33"]
[White "Juliano, Joao Carlos Mazzini"]
[Black "Muniz, Rafael"]
[Result "0-1"]
[WhiteElo "1924"]
[BlackElo "2236"]
[PlyCount "58"]
[EventDate "2019.01.21"]
[EventType "swiss"]
[EventRounds "10"]
[EventCountry "BRA"]

1. d4 Nf6 2. Nf3 e6 3. Bf4 c5 4. e3 d5 5. c3 Nc6 6. Nbd2 Bd6 7. Bg3 Bxg3 8. hxg3 Qd6 9. Bd3 Bd7 10. Qe2 O-O-O 11. Bb5 h6 12. Bxc6 Bxc6 13. Ne5 Rhf8 14. Nxc6 Qxc6 15. O-O Kb8 16. Rac1 h5 17. dxc5 Qxc5 18. b4 Qd6 19. c4 dxc4 20. Nxc4 Qd3 21. Qxd3 Rxd3 22. Rc2 Rfd8 23. f3 Nd5 24. Ne5 Nxb4 25. Rc4 Rd1 26. Rxd1 Rxd1+ 27. Kh2 Nxa2 28. Nxf7 b5 29. Rc6 b4 0-1

[Event "V Floripa Open 2019"]
[Site "Florianopolis"]
[Date "2019.01.22"]
[Round "2.34"]
[White "Cruz, William Ferreira Da"]
[Black "Torres, Eduardo Lisboa"]
[Result "1-0"]
[WhiteElo "2232"]
[BlackElo "1905"]
[PlyCount "48"]
[EventDate "2019.01.21"]
[EventType "swiss"]
[EventRounds "10"]
[EventCountry "BRA"]

1. d4 Nf6 2. Nf3 c5 3. d5 b5 4. c4 bxc4 5. Nc3 e6 6. e4 exd5 7. exd5 d6 8. Bxc4 Nbd7 9. O-O Be7 10. Bf4 O-O 11. Re1 Nb6 12. Qe2 Re8 13. Bb5 Bd7 14. Bxd7 Qxd7 15. Qd3 Qg4 16. Bg3 Rab8 17. Rxe7 Rxe7 18. Bxd6 Ree8 19. Bxb8 Rxb8 20. a3 c4 21. Qe2 Qd7 22. Ne4 Qc7 23. Nfd2 Re8 24. Qf3 Kf8 1-0